00953nam a2200241Ia 4500001000600000003000900006008004100015040001300056040001300069041001300082100001700095100002900112245002800141245002800169250001100197260001100208260001300219260004900232300004300281500032800324650002800652650003100680 9223IT-RoPAU130308s9999 xx 000 0 und d aIT-RoPAU cIT-RoPAU aITALIANO aBaldelli Pio gCodice Aut. SPICS: 9651 aLuchino Visconti (B.P.) bLuchino Visconti (B.P.) a1a ed. aMILANO bMazzotta c1973 [1° Ed.:1973 - Ed.Ling.Originale:1973] a"354 p. (prefazione: no ; testo: 354)" aMonografia su Visconti Filmografia di Visconti Cinema e Tetaro Esperienza Teatrale di Visconti Prefigurazione stilistica di Visconti Demistificazione della Storia Patria superamento del neorealismo melodramma in Rocco e I Suoi Fratelli contemplazione De Il Gattopardo Lavoro Famiglia Vecchiaia in Ludwig la caduta degli Dei aAUTORI/OPERE DEL CINEMA eCodice materia Spics: 6807